[Event "Martin Jaeger mem."]
[Site "Winnipeg CAN"]
[Date "2023.01.10"]
[Round "1.9"]
[White "Ling, Aiden"]
[Black "Klokow, John"]
[Result "0-1"]
[WhiteElo "807"]
[BlackElo "1646"]
[PlyCount "62"]
[EventDate "2023.01.10"]
[EventType "swiss"]
[EventRounds "4"]
[EventCountry "CAN"]

1. e4 e5 2. Nf3 Nc6 3. Bc4 Nf6 4. Ng5 d5 5. exd5 Na5 6. Bb5+ c6 7. dxc6 bxc6 8.
Qf3 cxb5 9. Qxa8 Bc5 10. b4 Bxb4 11. Qxa7 O-O 12. c3 Bd6 13. Qe3 Bb7 14. O-O
Re8 15. d4 Nc4 16. Qd3 e4 17. Qe2 Qc7 18. g3 Qc8 19. Nd2 h6 20. Nxc4 bxc4 21.
Rb1 hxg5 22. Bxg5 Nh7 23. Be3 Bd5 24. Qh5 Be6 25. Qe2 Bg4 26. Qc2 Bf3 27. Qa4
Rf8 28. Qxc4 Qh3 29. Qxf7+ Rxf7 30. Rb8+ Bxb8 31. Bh6 Qg2# 0-1

[Event "Martin Jaeger mem."]
[Site "Winnipeg CAN"]
[Date "2023.01.17"]
[Round "2.1"]
[White "Baron, Gustav"]
[Black "Stordeur, Jackson"]
[Result "1-0"]
[WhiteElo "2070"]
[BlackElo "1657"]
[PlyCount "39"]
[EventDate "2023.01.10"]
[EventType "swiss"]
[EventRounds "4"]
[EventCountry "CAN"]

1. d4 Nf6 2. Nf3 e6 3. Bg5 c5 4. c3 Nc6 5. e3 Be7 6. Nbd2 b6 7. Bd3 Bb7 8. O-O
O-O 9. Qe2 Nd5 10. Bxe7 Qxe7 11. h4 h6 12. g3 Nf6 13. e4 cxd4 14. cxd4 Nb4 15.
e5 Ne8 16. Bb1 d5 17. Rc1 Ba6 18. Qe3 Bb5 19. a3 Nc6 20. a4 1-0

[Event "Martin Jaeger mem."]
[Site "Winnipeg CAN"]
[Date "2023.01.17"]
[Round "2.2"]
[White "Letain, Cory"]
[Black "Klokow, John"]
[Result "0-1"]
[WhiteElo "1769"]
[BlackElo "1646"]
[PlyCount "72"]
[EventDate "2023.01.10"]
[EventType "swiss"]
[EventRounds "4"]
[EventCountry "CAN"]

1. e4 e5 2. Nf3 Nc6 3. d4 exd4 4. Bc4 Nf6 5. c3 Nxe4 6. O-O d5 7. Re1 Be7 8.
Bb3 O-O 9. Nxd4 Nxd4 10. Qxd4 Bc5 11. Qxd5 Qxd5 12. Bxd5 Bxf2+ 13. Kf1 Bxe1 14.
Kxe1 Nf6 15. Bf3 c6 16. h3 h6 17. c4 Bf5 18. g4 Be4 19. Be2 Bg2 20. g5 hxg5 21.
Bxg5 Ne4 22. h4 Nxg5 23. hxg5 Rfe8 24. Kf2 g6 25. Nc3 Be4 26. Rd1 Bf5 27. Rh1
Rad8 28. b3 Rd2 29. Re1 Bg4 30. a4 Bxe2 31. Rxe2 Rdxe2+ 32. Nxe2 Re5 33. Ng3
Rxg5 34. Ne4 Rf5+ 35. Kg3 Re5 36. Nd6 Re3+ 0-1

[Event "Martin Jaeger mem."]
[Site "Winnipeg CAN"]
[Date "2023.01.17"]
[Round "2.3"]
[White "Minano, John"]
[Black "Aiello, Mick"]
[Result "1-0"]
[WhiteElo "1719"]
[BlackElo "1610"]
[PlyCount "43"]
[EventDate "2023.01.10"]
[EventType "swiss"]
[EventRounds "4"]
[EventCountry "CAN"]

1. e4 c5 2. Nf3 d6 3. d4 cxd4 4. Nxd4 Nf6 5. Nc3 a6 6. Bc4 e6 7. Bb3 b5 8. Qf3
Bb7 9. Bg5 Nbd7 10. O-O-O b4 11. Nd5 exd5 12. exd5 Be7 13. Nf5 O-O 14. Rhe1 Re8
15. Qg3 Bf8 16. Nh6+ Kh8 17. Nxf7+ Kg8 18. Nxd8 Rexd8 19. Ba4 Nc5 20. Bxf6 Nxa4
21. Bxg7 Bxg7 22. Re7 1-0

[Event "Martin Jaeger mem."]
[Site "Winnipeg CAN"]
[Date "2023.01.17"]
[Round "2.4"]
[White "MacPherson, Al"]
[Black "Aiello, Pietro"]
[Result "1-0"]
[WhiteElo "1661"]
[BlackElo "1596"]
[PlyCount "35"]
[EventDate "2023.01.10"]
[EventType "swiss"]
[EventRounds "4"]
[EventCountry "CAN"]

1. d4 Nf6 2. c4 e6 3. Nc3 Bb4 4. a3 Bxc3+ 5. bxc3 O-O 6. e3 d5 7. Bd3 b6 8. Ne2
Bb7 9. O-O dxc4 10. Bxc4 Ne4 11. f3 Nd6 12. Bd3 Nd7 13. Bd2 c5 14. Ng3 f5 15.
Qe2 c4 16. Bxc4 Nxc4 17. Qxc4 a5 18. Qxe6+ 1-0

[Event "Martin Jaeger mem."]
[Site "Winnipeg CAN"]
[Date "2023.01.17"]
[Round "2.5"]
[White "Roberts, Allan"]
[Black "Wolchock, Theo"]
[Result "0-1"]
[WhiteElo "1434"]
[BlackElo "2219"]
[PlyCount "77"]
[EventDate "2023.01.10"]
[EventType "swiss"]
[EventRounds "4"]
[EventCountry "CAN"]

1. c4 e6 2. g3 c5 3. Bg2 Nf6 4. Nc3 Nc6 5. e4 d5 6. exd5 exd5 7. Nxd5 Nxd5 8.
Bxd5 Nb4 9. Be4 Qd4 10. d3 f5 11. Ne2 Qd8 12. a3 fxe4 13. axb4 Qxd3 14. Qxd3
exd3 15. Nf4 cxb4 16. Nd5 Bd6 17. Bf4 Bxf4 18. Nxf4 Bf5 19. Nd5 Kf7 20. Nxb4
Rhe8+ 21. Kd1 Re2 22. Ra5 g6 23. Rxf5+ gxf5 24. Nxd3 Re4 25. f4 Rd8 26. Kc2
Rxc4+ 27. Kb3 Re4 28. Ne5+ Ke6 29. Rc1 Re2 30. Rc7 Rdd2 31. Rxh7 Rxb2+ 32. Kc4
Rxh2 33. Rxh2 Rxh2 34. g4 fxg4 35. Nxg4 Rh4 36. Ne3 Rxf4+ 37. Kc3 Re4 38. Nc2
b6 39. Kb3 {%02and Black won in 48 moves.} 0-1

[Event "Martin Jaeger mem."]
[Site "Winnipeg CAN"]
[Date "2023.01.24"]
[Round "3.1"]
[White "Klokow, John"]
[Black "Baron, Gustav"]
[Result "0-1"]
[WhiteElo "1646"]
[BlackElo "2070"]
[PlyCount "88"]
[EventDate "2023.01.10"]
[EventType "swiss"]
[EventRounds "4"]
[EventCountry "CAN"]

1. e4 c5 2. Nf3 e6 3. d4 cxd4 4. Nxd4 a6 5. Bd3 Nf6 6. O-O Qc7 7. Nc3 d6 8. Qe2
Nbd7 9. Bg5 Be7 10. Rfd1 b5 11. Rac1 Bb7 12. Kh1 b4 13. Nb1 Qa5 14. Bd2 Qe5 15.
c3 Bxe4 16. Nf3 Qd5 17. Ne1 Nc5 18. Bc4 Qb7 19. cxb4 Ncd7 20. f3 Bxb1 21. Rxb1
d5 22. Bd3 Bxb4 23. Bxb4 Qxb4 24. Bxa6 Qb6 25. Bb5 Rxa2 26. Bxd7+ Kxd7 27. Nd3
Rb8 28. Rbc1 Ke7 29. Qe5 Ra7 30. g4 h6 31. h3 Qd6 32. g5 hxg5 33. Qxg5 Rh8 34.
Kg2 Raa8 35. Qe5 Rhc8 36. Qxd6+ Kxd6 37. Rxc8 Rxc8 38. Rc1 Rxc1 39. Nxc1 Nd7
40. Kf2 Ne5 41. f4 Nc4 42. Nd3 f6 43. Kf3 e5 44. b3 Nd2+ 0-1

[Event "Martin Jaeger mem."]
[Site "Winnipeg CAN"]
[Date "2023.01.24"]
[Round "3.2"]
[White "Wolchock, Theo"]
[Black "Minano, John"]
[Result "1-0"]
[WhiteElo "2219"]
[BlackElo "1719"]
[PlyCount "63"]
[EventDate "2023.01.10"]
[EventType "swiss"]
[EventRounds "4"]
[EventCountry "CAN"]

1. e4 c5 2. Nf3 d6 3. d4 cxd4 4. Qxd4 Nc6 5. Bb5 Bd7 6. Bxc6 Bxc6 7. Nc3 Nf6 8.
Bg5 h6 9. Bh4 e5 10. Qd3 g5 11. Bg3 Nh5 12. O-O-O Nf4 13. Bxf4 gxf4 14. g3 fxg3
15. hxg3 Qa5 16. Nd2 O-O-O 17. Nc4 Qc7 18. Ne3 a6 19. Kb1 Kb8 20. Ncd5 Bxd5 21.
Qxd5 Rc8 22. Rd3 Qc6 23. Rhd1 Qxd5 24. Rxd5 b5 25. Nf5 Kc7 26. Nxd6 Bxd6 27.
Rxd6 Rhd8 28. Rxd8 Rxd8 29. Rxd8 Kxd8 30. Kc1 Kd7 31. Kd2 Kd6 32. Kd3 1-0

[Event "Martin Jaeger mem."]
[Site "Winnipeg CAN"]
[Date "2023.01.24"]
[Round "3.4"]
[White "Stordeur, Jackson"]
[Black "Odeyemi, Emmanuel"]
[Result "0-1"]
[WhiteElo "1657"]
[BlackElo "1486"]
[PlyCount "48"]
[EventDate "2023.01.10"]
[EventType "swiss"]
[EventRounds "4"]
[EventCountry "CAN"]

1. e4 e5 2. Nf3 Nc6 3. Bb5 Nge7 4. O-O g6 5. c3 Bg7 6. d4 O-O 7. d5 Nb8 8. d6
Nec6 9. Bg5 f6 10. Qd5+ Kh8 11. Be3 a6 12. Ba4 b5 13. Bc2 Bb7 14. b3 Na5 15.
Qd2 Re8 16. Rd1 Re6 17. Bc5 cxd6 18. Bxd6 Nac6 19. c4 Nd4 20. Bxb8 Rxb8 21.
cxb5 Rd6 22. Nxd4 Rxd4 23. Qe2 Qb6 24. Rxd4 Qxd4 0-1

[Event "Martin Jaeger mem."]
[Site "Winnipeg CAN"]
[Date "2023.01.31"]
[Round "4.1"]
[White "Baron, Gustav"]
[Black "MacPherson, Al"]
[Result "1-0"]
[WhiteElo "2070"]
[BlackElo "1661"]
[PlyCount "57"]
[EventDate "2023.01.10"]
[EventType "swiss"]
[EventRounds "4"]
[EventCountry "CAN"]

1. e4 c5 2. Nf3 d6 3. d4 cxd4 4. Nxd4 Nf6 5. Nc3 a6 6. Bc4 e6 7. Bb3 Be7 8. Be3
O-O 9. f3 Nc6 10. Qd2 Qc7 11. g4 Nxd4 12. Bxd4 e5 13. Be3 Be6 14. O-O-O Rfc8
15. h4 b5 16. h5 Nd7 17. Nd5 Bxd5 18. Bxd5 Rab8 19. g5 Nb6 20. g6 Nxd5 21. exd5
h6 22. gxf7+ Kxf7 23. Rdg1 Bf6 24. Qd3 Qc4 25. Qg6+ Ke7 26. Bxh6 Qxa2 27. Bxg7
Qa1+ 28. Kd2 Qa5+ 29. c3 1-0

[Event "Martin Jaeger mem."]
[Site "Winnipeg CAN"]
[Date "2023.01.31"]
[Round "4.2"]
[White "Minano, John"]
[Black "Aiello, Pietro"]
[Result "1-0"]
[WhiteElo "1719"]
[BlackElo "1596"]
[PlyCount "67"]
[EventDate "2023.01.10"]
[EventType "swiss"]
[EventRounds "4"]
[EventCountry "CAN"]

1. e4 c5 2. Nf3 d6 3. d4 cxd4 4. Nxd4 Nf6 5. Nc3 Nc6 6. Bc4 e6 7. Bb3 Be7 8.
Be3 O-O 9. Qe2 e5 10. Nf5 Bxf5 11. exf5 Nd4 12. Bxd4 exd4 13. Nb1 Qa5+ 14. Nd2
Rfe8 15. O-O Qxf5 16. Qc4 d5 17. Qxd4 b6 18. Qd3 Qh5 19. Qf3 Qh6 20. Rad1 Rad8
21. Ba4 Bd6 22. h3 Re5 23. Nb3 Rg5 24. Nd4 g6 25. g3 Bxg3 26. fxg3 Qxh3 27. Ne2
Ne4 28. Qg2 Qg4 29. Rf4 Qh5 30. Rxe4 dxe4 31. Rxd8+ Kg7 32. Bb3 e3 33. Rd7 Rf5
34. g4 1-0

[Event "Martin Jaeger mem."]
[Site "Winnipeg CAN"]
[Date "2023.01.31"]
[Round "4.3"]
[White "Klokow, John"]
[Black "Dhillon, Iqvinder"]
[Result "0-1"]
[WhiteElo "1646"]
[BlackElo "1584"]
[PlyCount "130"]
[EventDate "2023.01.10"]
[EventType "swiss"]
[EventRounds "4"]
[EventCountry "CAN"]

1. e4 c5 2. Nf3 Nc6 3. d4 cxd4 4. Nxd4 Nf6 5. Nc3 d6 6. Bc4 e6 7. Bb3 Be7 8.
Be3 a6 9. f3 Na5 10. g4 Nxb3 11. axb3 Bd7 12. Qd2 Rc8 13. h4 Bc6 14. h5 Nd7 15.
Qf2 Ne5 16. Qg3 Bd7 17. f4 Nc6 18. g5 f6 19. h6 g6 20. O-O f5 21. exf5 exf5 22.
Nd5 O-O 23. Rad1 Nxd4 24. Bxd4 Be6 25. Nxe7+ Qxe7 26. Rfe1 Qf7 27. Bc3 Bd5 28.
Qd3 Be4 29. Qd4 Rxc3 30. bxc3 d5 31. c4 Rd8 32. Qg7+ Qxg7 33. hxg7 Kxg7 34.
cxd5 Rd7 35. c4 h6 36. gxh6+ Kxh6 37. Rd2 g5 38. fxg5+ Kxg5 39. Kf2 Kf4 40. Rg1
Rh7 41. Ke1 Ke5 42. Rf2 Rh3 43. Rb2 b5 44. cxb5 axb5 45. b4 Kxd5 46. Rg7 Ke5
47. Re7+ Kd4 48. Rd7+ Kc3 49. Re2 Rh1+ 50. Kf2 Rh2+ 51. Ke1 Rxe2+ 52. Kxe2 Kxb4
53. Kd2 Kc4 54. Rc7+ Kd4 55. Rd7+ Kc5 56. Rc7+ Kb4 57. Rf7 Kb3 58. Kc1 b4 59.
Rg7 Kc3 60. Rg3+ Kd4 61. Kb2 f4 62. Rg1 Bd5 63. Rf1 Ke3 64. Kc1 f3 65. Rd1 f2
0-1

[Event "Martin Jaeger mem."]
[Site "Winnipeg CAN"]
[Date "2023.01.31"]
[Round "4.5"]
[White "Einarsson, Ken"]
[Black "Ling, Aiden"]
[Result "1-0"]
[WhiteElo "1720"]
[BlackElo "807"]
[PlyCount "89"]
[EventDate "2023.01.10"]
[EventType "swiss"]
[EventRounds "4"]
[EventCountry "CAN"]

1. d4 d5 2. c4 e6 3. Nc3 c5 4. dxc5 Bxc5 5. cxd5 exd5 6. Nf3 Nf6 7. Bg5 Qb6 8.
e3 Nbd7 9. Rb1 h6 10. Bxf6 Nxf6 11. Be2 Bf5 12. Bb5+ Kf8 13. Bd3 Be6 14. O-O
Rd8 15. Na4 Qc7 16. Nxc5 Qxc5 17. Nd4 Bg4 18. Qd2 Ne4 19. Qe1 Bh5 20. Rc1 Qe7
21. Qa5 b6 22. Qa6 Nc5 23. Qa3 Nxd3 24. Qxd3 Bg6 25. Qa6 Qd7 26. Rc3 Kg8 27.
Rfc1 Kh7 28. Rc7 Qg4 29. h3 Qg5 30. Nf3 Qf6 31. Nd4 Ra8 32. Rxa7 Bd3 33. Qa3
Rxa7 34. Qxa7 Re8 35. Rc6 Qg5 36. Qxf7 Rxe3 37. fxe3 Qxe3+ 38. Qf2 Qe8 39. Rxb6
Qh5 40. Qg3 Qd1+ 41. Kh2 Be4 42. Ne6 g5 43. Nxg5+ hxg5 44. Qc7+ Kh8 45. Rb8#
1-0

[Event "Mercredi 2023.01.11 ABCD"]
[Site "Montreal CAN"]
[Date "2023.01.11"]
[Round "1"]
[White "Beaulieu, Pierre"]
[Black "Baran, Marius"]
[Result "0-1"]
[WhiteElo "1853"]
[BlackElo "1744"]
[PlyCount "172"]
[EventDate "2023.01.11"]
[EventType "tourn"]
[EventRounds "5"]
[EventCountry "CAN"]

1. Nf3 d5 2. b3 Nf6 3. Bb2 e6 4. e3 Be7 5. c4 b6 6. cxd5 exd5 7. Bb5+ Bd7 8.
Nc3 Bxb5 9. Nxb5 c5 10. Be5 Na6 11. O-O O-O 12. d4 Qd7 13. Qe2 Nb4 14. dxc5
bxc5 15. Rfd1 a6 16. Nc3 Qe6 17. Rac1 Nd7 18. Bg3 Bf6 19. a3 Bxc3 20. Rxc3 d4
21. Rc4 Nd5 22. Qd3 N5b6 23. Rcc1 dxe3 24. Qxe3 Qxe3 25. fxe3 Rfe8 26. Rd3 Rac8
27. Rcd1 c4 28. bxc4 Nc5 29. Rc3 Ne4 30. Rb3 Nxc4 31. Bf2 Rb8 32. Rxb8 Rxb8 33.
g4 Nxf2 34. Kxf2 Rb2+ 35. Kg3 f6 36. e4 Rb3 37. Kf2 Rxa3 38. Rc1 Ra2+ 39. Kg3
Ra4 40. g5 Kf7 41. h4 Kg6 42. gxf6 gxf6 43. Kf4 Rb4 44. Rd1 a5 45. Rd7 a4 46.
Nd4 Ne5 47. Ra7 Rxd4 48. h5+ Kxh5 49. Kf5 Kh6 50. Kxf6 Ng4+ 51. Kf5 Nf2 52. e5
Nd3 53. Ra6+ Kh5 54. Ra7 Rf4+ 55. Ke6 Kg6 56. Ra8 Re4 57. Kd5 Rxe5+ 58. Kd4 Re7
59. Kxd3 h5 60. Rxa4 Kg5 61. Ra8 Kg4 62. Rg8+ Kf3 63. Rf8+ Kg3 64. Rg8+ Kf4 65.
Rf8+ Kg5 66. Rg8+ Kf6 67. Rh8 Kg7 68. Ra8 Kg6 69. Rg8+ Kf5 70. Rf8+ Kg4 71.
Rg8+ Kf3 72. Rf8+ Kg3 73. Rg8+ Kh3 74. Kd2 h4 75. Kd3 Kh2 76. Rh8 Kg3 77. Rg8+
Kf3 78. Rf8+ Kg2 79. Rg8+ Kh2 80. Rh8 h3 81. Rg8 Kh1 82. Rh8 h2 83. Rg8 Re1 84.
Rh8 Kg2 85. Rg8+ Kf3 86. Rf8+ Kg4 0-1

[Event "Mercredi 2023.01.11 ABCD"]
[Site "Montreal CAN"]
[Date "2023.01.11"]
[Round "1"]
[White "Boileau, Dominic"]
[Black "Cote, Etienne"]
[Result "0-1"]
[WhiteElo "1790"]
[BlackElo "1797"]
[PlyCount "94"]
[EventDate "2023.01.11"]
[EventType "tourn"]
[EventRounds "5"]
[EventCountry "CAN"]

1. d4 Nf6 2. Bf4 d5 3. e3 c5 4. Nc3 a6 5. Nf3 Nc6 6. Ne2 Bg4 7. Ne5 Nxe5 8.
dxe5 g5 9. f3 gxf4 10. exf6 fxe3 11. fxg4 e6 12. h4 Qxf6 13. Qd3 Qf2+ 14. Kd1
O-O-O 15. c3 Be7 16. Kc2 Kb8 17. Rd1 d4 18. c4 Bxh4 19. Rh3 Qf6 20. g3 Bg5 21.
Bg2 h6 22. Rf1 Qe7 23. Rhh1 e5 24. Bd5 f6 25. Rf5 Rhe8 26. Qe4 Qc7 27. Rd1 b5
28. b3 Qa5 29. Kb2 Ka7 30. Rff1 Re7 31. Rd3 Red7 32. Rc1 Qb6 33. Ka1 Rh8 34.
Qf5 Qd6 35. Bf3 b4 36. Qe4 Rf8 37. Rf1 h5 38. Bg2 hxg4 39. Qxg4 Rh7 40. Kb2 Rh2
41. Qe4 Qc7 42. Rh1 f5 43. Qd5 Rxh1 44. Bxh1 e4 45. Nxd4 cxd4 46. Qxd4+ Kb8 47.
Rxe3 Bf6 0-1

[Event "Mercredi 2023.01.11 ABCD"]
[Site "Montreal CAN"]
[Date "2023.01.11"]
[Round "1"]
[White "Chapdelaine, Gwyn"]
[Black "Cardin, Guillaume"]
[Result "1/2-1/2"]
[WhiteElo "1973"]
[BlackElo "2049"]
[PlyCount "59"]
[EventDate "2023.01.11"]
[EventType "tourn"]
[EventRounds "5"]
[EventCountry "CAN"]

1. e4 e5 2. Nc3 Nf6 3. f4 d5 4. fxe5 Nxe4 5. Nf3 Bc5 6. d4 Bb4 7. Bd2 c5 8.
Bb5+ Nc6 9. O-O O-O 10. Qe2 Bg4 11. Bxc6 bxc6 12. Rad1 Nxd2 13. Qxd2 Qe7 14. a3
cxd4 15. Nxd5 cxd5 16. Qxb4 Qxb4 17. axb4 Rac8 18. Rxd4 Bxf3 19. Rxf3 Rxc2 20.
Rxd5 Rxb2 21. Ra3 Rc8 22. h3 g6 23. Rd7 Rcc2 24. Rg3 a6 25. Rg4 Re2 26. Ra7
Rxe5 27. Rf4 Rf5 28. Rxf5 gxf5 29. Rxa6 Rxb4 30. Ra5 1/2-1/2

[Event "Mercredi 2023.01.11 ABCD"]
[Site "Montreal CAN"]
[Date "2023.01.11"]
[Round "1"]
[White "Deboosere, Adam"]
[Black "Bain-Thouvarez, Aurelien"]
[Result "1-0"]
[WhiteElo "1792"]
[BlackElo "1797"]
[PlyCount "65"]
[EventDate "2023.01.11"]
[EventType "tourn"]
[EventRounds "5"]
[EventCountry "CAN"]

1. a3 Nf6 2. Nf3 g6 3. e3 Bg7 4. d4 O-O 5. Be2 d6 6. c4 Nbd7 7. Nc3 e5 8. O-O
exd4 9. Nxd4 c6 10. b4 Ne5 11. h3 Be6 12. Nxe6 fxe6 13. Bb2 Qe7 14. e4 Nfd7 15.
Qb3 c5 16. b5 a5 17. Rad1 b6 18. Bc1 Nf7 19. Be3 Bxc3 20. Qxc3 Qf6 21. Qd2 Rad8
22. f4 Qg7 23. Bg4 e5 24. Be6 exf4 25. Bxf4 Kh8 26. Bxf7 Rxf7 27. Bxd6 Nf6 28.
Qf4 g5 29. Qf5 Kg8 30. Be5 Rdf8 31. Qe6 Re8 32. Qxe8+ Nxe8 33. Bxg7 1-0

[Event "Mercredi 2023.01.11 ABCD"]
[Site "Montreal CAN"]
[Date "2023.01.11"]
[Round "1"]
[White "Di Matteo, Alessio"]
[Black "Landry, Sylvain"]
[Result "1-0"]
[WhiteElo "1944"]
[BlackElo "1936"]
[PlyCount "85"]
[EventDate "2023.01.11"]
[EventType "tourn"]
[EventRounds "5"]
[EventCountry "CAN"]

1. d4 d5 2. c4 c6 3. Nf3 Nf6 4. Nc3 dxc4 5. a4 Bf5 6. Ne5 Nbd7 7. Nxc4 Qc7 8.
g3 e5 9. Bg2 Bb4 10. O-O O-O 11. dxe5 Nxe5 12. Bf4 Nfd7 13. Qd4 Bxc3 14. Qxc3
f6 15. Rfd1 g5 16. Nd6 Be6 17. Bc1 Rad8 18. Nb5 Qb8 19. Nd4 Nb6 20. Be3 Bc8 21.
Qb3+ Rf7 22. Ne6 Bxe6 23. Qxe6 Re8 24. Qf5 Nec4 25. Bd4 Nd6 26. Qc2 Nd7 27.
Bxa7 Qxa7 28. Rxd6 Qc5 29. Qxc5 Nxc5 30. e3 Ra8 31. a5 Nb3 32. Rad1 Rxa5 33.
Bf1 Rc5 34. Bh3 f5 35. R6d3 Rb5 36. Bf1 Rb4 37. Rxb3 Rxb3 38. Bc4 Rxb2 39. Rd7
b5 40. Be6 f4 41. Rxf7 fxg3 42. hxg3 Kh8 43. Rc7 1-0

[Event "Mercredi 2023.01.11 ABCD"]
[Site "Montreal CAN"]
[Date "2023.01.11"]
[Round "1"]
[White "Genzling, Jerome"]
[Black "Have, Didier"]
[Result "1-0"]
[WhiteElo "2057"]
[BlackElo "2088"]
[PlyCount "77"]
[EventDate "2023.01.11"]
[EventType "tourn"]
[EventRounds "5"]
[EventCountry "CAN"]

1. e4 Nf6 2. e5 Nd5 3. c4 Nb6 4. d4 d6 5. exd6 cxd6 6. Nc3 g6 7. Be3 Bg7 8. Bd3
O-O 9. Nge2 Nc6 10. b3 Bg4 11. f3 Bf5 12. Bxf5 gxf5 13. Qd3 e6 14. O-O d5 15.
c5 Nd7 16. Nb5 b6 17. Rac1 bxc5 18. dxc5 Nde5 19. Qd2 Qh4 20. a3 Rab8 21. Nbd4
a5 22. Rb1 Rfc8 23. Rfc1 Qd8 24. Bg5 Qd7 25. Bh6 Nxd4 26. Nxd4 Bxh6 27. Qxh6
Nd3 28. Rc3 Nxc5 29. Rbc1 Nd3 30. Rxd3 Rxc1+ 31. Qxc1 e5 32. Qg5+ Kf8 33. Nxf5
Qa7+ 34. Kh1 Qf2 35. Qg7+ Ke8 36. Qg8+ Kd7 37. Qxf7+ Kc6 38. Qxd5+ Kb6 39. h3
1-0

[Event "Mercredi 2023.01.11 ABCD"]
[Site "Montreal CAN"]
[Date "2023.01.11"]
[Round "1"]
[White "Plante, Michel"]
[Black "Lima-Barbosa, Raphael"]
[Result "0-1"]
[WhiteElo "1936"]
[BlackElo "1860"]
[PlyCount "68"]
[EventDate "2023.01.11"]
[EventType "tourn"]
[EventRounds "5"]
[EventCountry "CAN"]

1. d4 Nf6 2. Nc3 d5 3. Bf4 e6 4. e3 a6 5. g4 Bb4 6. Nge2 Ne4 7. Bg2 Nxc3 8.
Nxc3 c5 9. a3 Bxc3+ 10. bxc3 Nc6 11. O-O O-O 12. Bg3 Qe7 13. c4 Rd8 14. cxd5
exd5 15. Rc1 Be6 16. c3 Rac8 17. Rb1 cxd4 18. cxd4 b5 19. f4 f5 20. Bh3 Qd7 21.
g5 Na5 22. a4 bxa4 23. Re1 Rc7 24. Ra1 Nb3 25. Ra2 g6 26. Bf1 Rc1 27. Qe2 Rxe1
28. Qxe1 Qc6 29. Qb4 Bd7 30. Bxa6 Qxa6 31. Qxb3 axb3 32. Rxa6 Rb8 33. Ra1 b2
34. Rb1 Ba4 0-1

[Event "Mercredi 2023.01.11 ABCD"]
[Site "Montreal CAN"]
[Date "2023.01.11"]
[Round "1"]
[White "Sekki, Abderaouf"]
[Black "Lebeau, Gilbert"]
[Result "1-0"]
[WhiteElo "1959"]
[BlackElo "1939"]
[PlyCount "65"]
[EventDate "2023.01.11"]
[EventType "tourn"]
[EventRounds "5"]
[EventCountry "CAN"]

1. d4 Nf6 2. c4 e6 3. Nf3 d5 4. Nc3 c6 5. Bg5 Be7 6. Qc2 Nbd7 7. e3 O-O 8. a3
a6 9. Bd3 dxc4 10. Bxc4 b5 11. Bd3 Bb7 12. O-O h6 13. Bh4 c5 14. Qe2 cxd4 15.
Nxd4 Nc5 16. Bc2 Nfe4 17. Bxe7 Qxe7 18. Nxe4 Nxe4 19. Rfd1 Rfd8 20. Rac1 Rac8
21. Bb3 Rxc1 22. Rxc1 e5 23. Nc6 Bxc6 24. Rxc6 Rd2 25. Qf3 Qd7 26. Rc1 Nxf2 27.
Bxf7+ Kh7 28. Rf1 Ng4 29. Qe4+ Kh8 30. Be6 Nf6 31. Bxd7 Nxe4 32. Rf8+ Kh7 33.
Bf5+ 1-0

[Event "Mercredi 2023.01.11 ABCD"]
[Site "Montreal CAN"]
[Date "2023.01.11"]
[Round "1"]
[White "Singher, Jean-Pierre"]
[Black "Barko, Maxim"]
[Result "1/2-1/2"]
[WhiteElo "1960"]
[BlackElo "2051"]
[PlyCount "78"]
[EventDate "2023.01.11"]
[EventType "tourn"]
[EventRounds "5"]
[EventCountry "CAN"]

1. d4 Nf6 2. Nf3 g6 3. g3 Bg7 4. Bg2 O-O 5. O-O d6 6. Re1 Nbd7 7. e4 e5 8. c3
Qe7 9. a4 a5 10. Nbd2 Nb6 11. h3 Bh6 12. b3 Rd8 13. Nc4 Bxc1 14. Nxb6 cxb6 15.
Qxc1 Kg7 16. Qa3 Qc7 17. Rac1 Bd7 18. c4 Rac8 19. Qb2 Re8 20. Rcd1 Rcd8 21. Kh2
h6 22. Qd2 Bc6 23. Nh4 Qe7 24. d5 Bd7 25. Nf3 Bc8 26. Ng1 Nd7 27. f4 f6 28. Qc3
Nc5 29. Ne2 Kh7 30. Nc1 Bd7 31. Nd3 Ra8 32. Rf1 Rf8 33. Nxc5 bxc5 34. Rf2 b6
35. Rdf1 Kg7 36. h4 Bg4 37. Bh3 Qd7 38. f5 Bxh3 39. Kxh3 g5 1/2-1/2

[Event "Mercredi 2023.01.11 ABCD"]
[Site "Montreal CAN"]
[Date "2023.01.11"]
[Round "1"]
[White "Tremblay, Alain"]
[Black "Batorshyn, Ilia"]
[Result "0-1"]
[WhiteElo "2151"]
[BlackElo "2164"]
[PlyCount "80"]
[EventDate "2023.01.11"]
[EventType "tourn"]
[EventRounds "5"]
[EventCountry "CAN"]

1. e4 c6 2. d4 d5 3. Nc3 dxe4 4. Nxe4 Nf6 5. Ng3 e5 6. Nf3 exd4 7. Qxd4 Qxd4 8.
Nxd4 Bc5 9. Nb3 Bb6 10. Bc4 O-O 11. O-O Re8 12. Bf4 Be6 13. Bxe6 Rxe6 14. Rae1
Nbd7 15. Rxe6 fxe6 16. h3 Kf7 17. Re1 Re8 18. Rd1 e5 19. Bd2 Ke6 20. Ba5 g6 21.
Bxb6 axb6 22. f3 Rg8 23. a3 h5 24. Nd2 Nc5 25. b4 h4 26. Ne2 Ncd7 27. Nc4 Nd5
28. Rd3 N7f6 29. Kf1 Rf8 30. Kg1 Nh5 31. Ne3 Nhf4 32. Nxf4+ Rxf4 33. Nxd5 cxd5
34. c3 Rf8 35. Rd2 Rc8 36. Rc2 b5 37. Kf2 d4 38. Ke2 Rxc3 39. Rxc3 dxc3 40. Kd3
Kf5 0-1

[Event "Mercredi 2023.01.11 ABCD"]
[Site "Montreal CAN"]
[Date "2023.01.11"]
[Round "1"]
[White "Voskanyan, Vahagn"]
[Black "Adam, Rafael"]
[Result "1-0"]
[WhiteElo "2140"]
[BlackElo "2179"]
[PlyCount "265"]
[EventDate "2023.01.11"]
[EventType "tourn"]
[EventRounds "5"]
[EventCountry "CAN"]

1. c4 c5 2. Nc3 Nf6 3. g3 e6 4. Nf3 b6 5. Bg2 Bb7 6. O-O Be7 7. b3 d6 8. d4
cxd4 9. Qxd4 a6 10. Bb2 Qc7 11. Rfd1 Nbd7 12. Rac1 O-O 13. e4 Rfd8 14. Qe3 Rac8
15. Nd4 h5 16. h3 h4 17. g4 Nh7 18. f4 Nc5 19. Rc2 g6 20. Rf2 Bf6 21. f5 Bg5
22. Qe2 exf5 23. gxf5 Re8 24. Nd5 Bxd5 25. cxd5 Nf6 26. fxg6 fxg6 27. Ne6 Nxe6
28. Bxf6 Bxf6 29. Rxf6 Nf8 30. Qg4 Qh7 31. e5 dxe5 32. d6 Kg7 33. Rdf1 Qh5 34.
Rf7+ Kg8 35. Qxh5 gxh5 36. d7 Nxd7 37. Rxd7 e4 38. Re1 e3 39. Rd3 Rc2 40. Rdxe3
Rxe3 41. Rxe3 Rxa2 42. Re5 Rb2 43. Rxh5 Kg7 44. Bd5 Rd2 45. Bb7 Rd3 46. Bxa6
Rxb3 47. Rxh4 Kf6 48. Kg2 Kg5 49. Rg4+ Kh6 50. Be2 Re3 51. Bf3 Rb3 52. h4 b5
53. Rd4 b4 54. Rd6+ Kg7 55. Rb6 Rb2+ 56. Kg3 Rb1 57. Bd5 b3 58. Bxb3 Rg1+ 59.
Kf4 Rb1 60. Kg5 Rg1+ 61. Kh5 Kh8 62. Rb8+ Kh7 63. Bc2+ Kg7 64. Rb7+ Kh8 65. Kh6
Rg7 66. Rb6 Rg8 67. h5 Rg7 68. Bg6 Rh7+ 69. Kg5 Rg7 70. Kf6 Rg8 71. h6 Rf8+ 72.
Kg5 Rg8 73. Rb7 Rf8 74. Bf5 Rg8+ 75. Kf6 Rd8 76. Bd7 Kh7 77. Bf5+ Kh8 78. Kf7
Ra8 79. Kg6 Rg8+ 80. Rg7 Re8 81. Rd7 Rg8+ 82. Rg7 Re8 83. Rc7 Rg8+ 84. Kf7 Rf8+
85. Ke6 Re8+ 86. Kd6 Rf8 87. Ke5 Re8+ 88. Be6 Rf8 89. Rc3 Kh7 90. Bf5+ Kxh6 91.
Rh3+ Kg7 92. Rh7+ Kg8 93. Re7 Rb8 94. Kf6 Ra8 95. Rg7+ Kh8 96. Rh7+ Kg8 97. Rh5
Rf8+ 98. Kg6 Re8 99. Rh6 Re7 100. Kf6 Rf7+ 101. Ke6 Rf8 102. Rg6+ Kh8 103. Bd3
Rd8 104. Be4 Rf8 105. Rh6+ Kg7 106. Rh7+ Kg8 107. Re7 Kh8 108. Bg6 Kg8 109.
Bf7+ Kg7 110. Rc7 Rb8 111. Be8+ Kf8 112. Bc6 Kg8 113. Bd5 Rb6+ 114. Kf5+ Kh8
115. Be4 Ra6 116. Ke5 Rb6 117. Bf5 Rb8 118. Kf6 Rf8+ 119. Kg5 Rg8+ 120. Bg6 Rd8
121. Kh6 Kg8 122. Rc6 Kf8 123. Re6 Kg8 124. Rf6 Kh8 125. Bf5 Re8 126. Rf7 Kg8
127. Rf6 Kh8 128. Rd6 Kg8 129. Kg6 Kf8 130. Kf6 Kg8 131. Be6+ Kh7 132. Rd4 Rf8+
133. Bf7 1-0